joost klein songs - Statistics

General Stats
  • This quiz has been taken 516 times
    274 since last reset
  • The average score is 29 of 118
Answer Stats
answer % Correct
europapa
91%
ome robert
77%
joost klein
72%
joost klein 2
70%
joost klein 4
69%
albino
68%
antwoord
68%
joost klein 3
68%
friesenjung
66%
wachtmuziek
63%
florida 2009
62%
luchtballon
62%
traffik
57%
offline
56%
buurman
54%
2002/2001
51%
bitches
51%
fryslan bop
51%
papa en mama
48%
droom groot
47%
ptsd
47%
ik wil je
45%
life story
44%
mayo no fries
44%
rookpauze
44%
disco belgica
42%
door de kerk
39%
bee the movie
37%
glaassie water
37%
pinkpop 1983
37%
liverpool
36%
meeuw
36%
scandinavian boy
36%
kut
34%
rookpauze 2
34%
summervibes2019
34%
european music
33%
fok de blok
31%
ham
31%
sexy song
30%
vrije tijd
30%
bim bam bom
26%
heroine
25%
eva jinek
24%
fußball
24%
herman van veen
24%
shrek
24%
buurman uit berlijn
23%
kogels
23%
pauze?
23%
vogel
23%
bruder + schwester
22%
bird song
21%
enfant terrible
21%
dakloos
20%
bus gemist
19%
demonen in me lichaam
18%
dwdd
18%
netflix und chill
18%
samsung
18%
ich bin krank
17%
purno
17%
milf
16%
zaanse mayo
16%
dutch classic 2020
15%
m van marketing
15%
go acid
14%
normalje bass
14%
dankuwel
13%
lets go 2X
13%
pretty fly 4
13%
studio 100
13%
chubby
12%
schoolshooter
12%
zorro
12%
agoeie
11%
range rovers
11%
albino sports anthem
10%
zelfgemaakt
10%
german song
9%
marco borsato freestyle
9%
papier hier
9%
stockholm
9%
voorhoede
9%
bier freestyle
8%
donkey kong
8%
gewoon goed
8%
guus meeuwis
8%
marktplaats
8%
schijf van vijf
8%
bezem
7%
feminist on da block
7%
midlife crisis
7%
stoelendans
7%
absurd
6%
grote spelers
6%
international man
6%
club music 2008
5%
arkham city
4%
cant f w u
4%
copy the wave
4%
boner in de club
3%
herres
3%
interlude type beat
3%
parmezaan en linkerbaan
3%
rene froger
3%
woensdagochtendwinkel
3%
zwaailicht
3%
amigos
2%
brunzyn en jim
2%
frikandelbroodje
2%
furious
2%
klaar!
2%
marijke helwegen
2%
vogel op de hek
2%
fierljeppen
1%
heel veel barz
1%
infected
1%
No matching quizzes found
Score Distribution
Percent of People with Each Score
Percentile by Number Answered
Your Score History
You have not taken this quiz since the last reset